000 00607nam a22002297a 4500
003 UA-OsUOA
001 98421
007 ta
008 20130415b un ||||| |||| 00| 0 ukr d
100 _aКабанова К.
090 _a512.5
_bК 12
942 _cBK
040 _aUA-OsUOA
_brus
_cUA-OsUOA
_dUA-OsUOA
245 _aСчетная логарифмическая линейка в школе
_cПод ред. проф. Брадиса В.
300 _a78 с.
955 _a1
041 _arus
080 _a512.5
260 _aМ.
_c1958
650 7 _a512 Алгебра
_2UDC
999 _c385095
_d385095